| 000 | 00623nam a2200205 a 4500 | ||
|---|---|---|---|
| 001 | 5614 | ||
| 003 | CDMR | ||
| 005 | 20131212141659.0 | ||
| 008 | 130130s1999||||||||||||||||||||||||||||d | ||
| 020 | _a3950112502 | ||
| 040 |
_aCDMR _bcat _cCDMR |
||
| 245 | 4 |
_aThe Kosovo news and propaganda war _cPeter Goff (editor) ; Barbara Trionfi (assistant editor) |
|
| 260 |
_aViena _c1999 _bInternational Press Institute |
||
| 300 | _a578 p. | ||
| 650 | 0 | 4 |
_94235 _aGuerra _xCobertura periodística |
| 650 | 0 | 4 |
_93176 _aPremsa i propaganda |
| 700 | 1 |
_94518 _aGoff, Peter _eed. |
|
| 700 | 1 |
_94519 _aTrionfi, Barbara _eed. |
|
| 942 |
_cMON _2udc |
||
| 999 |
_c5614 _d5614 |
||